000 00725nam a2200205Ia 4500
008 150610s9999 xx 000 0 und d
020 _a0 439585562
050 _aPZ7
_b.G13637Le 2005
100 _aGallego García, Laura, 1977-
245 4 _aThe legend of the Wandering king /
_cLaura Gallego García ; translated by Dan Bellm.
250 _aFirst American edition
260 _aNew York :
_bArthur A. Levine Books,
_c2005.
300 _a213pages :
_bmap;
_c22 cm.
504 _aTranslation of: Leyenda del rey errante.
520 _aFiction.
650 _a Choice
_xFiction.
650 _a Kings, queens, rulers, etc.
_bFiction.
650 _aArabian Peninsula
_bFiction.
650 _aFate and fatalism
_xFiction.
999 _c288078
_d288078